| 000 | 00000nas##2200000za#4500 |
| 001 | 9.510820 |
| 003 | CaOODSP |
| 005 | 20210615082535 |
| 007 | ta |
| 008 | 150406c2003||||xxc|| m #||||f| |0eng|d |
| 040 | |aCaOODSP|beng |
| 041 | |aeng |
| 041 | |afre |
| 043 | |an-cn--- |
| 086 | 1 |aBT31-2/2004-III |
| 110 | 1 |aCanada. |bTreasury Board. |
| 245 | 10|a2003-2004 estimates, part III: report on plans and priorities |
| 260 | |aOttawa - Ontario : |bTreasury Board of Canada Secretariat |c2003. |
| 520 | 3 |aReports on Plans and Priorities (RPPs) are individual expenditure plans for each department and agency (excluding Crown corporations) for the 2003-2004 fiscal year. These reports contain information on the department's objectives, initiatives and planned results, including links to related resource requirements over a three-year period. The RRP also provides details on human resource requirements, major capital projects, grants and contributions, and net program costs. |
| 563 | |aSoftcover |
| 776 | 0#|tBudget des dépenses 2003-2004. Partie III, rapport sur les plans et les priorités |w(CaOODSP)9.501106 |
| 776 | 0#|t2003-2004 estimates. Part III, report on plans and priorities |w(CaOODSP)9.504694 |
| 792 | |tBudget des dépenses 2003-2004, partie III: rapport sur les plans et les priorités |efre|w(CaOODSP)9.510821 |